000 00968naa a22003137a 4500
001 BR6005164
003 BR-BrBNA
005 20240918172907.0
007 ta
008 230509b bl.||||| |||| 00| 0 por d
040 _aBR-BrBNA
_bpor
_cBiblioteca Nacional de Agricultura
041 _a(Pt)
072 _aL73
_b6000
_b4100
090 _aL73 BR6005164
100 1 _aSantana, J.C.R.
111 1 _a6. Semana do Fazendeiro
_cUrucuca, BA (Brazil)
_d20 Sep 1970
245 1 _aDoenca das aves
260 3 _aUrucuca, BA (Brasil):
_c1970.
500 _a6. Semana do Fazendeiro Urucuca, BA (Brasil): 1970. p. 114-119 (BR6005164-AM)L73
650 _aAVE DOMESTICA
650 _aNEWCASTLE
650 _aVERMINOSE
650 _aPULOROSE
650 _aCORIZA INFECCIOSA
650 _aLEUCOSE
773 0 _t6. Semana do Fazendeiro : Agenda /
_w2110 BR6005147
_gUrucuca, BA (Brasil), 1970.
_q119 p.
909 _a202404
_bLucia
_c55
_dLucia Elande
942 _cAM
_2AGRIS
999 _c301947
_d301947